00410nam a2200145 a 450000500170000000800410001702000180005805000240007610000190010024500500011926000390016930000100020844000340021865000120025220140412111250.0010328s19uu xx 00 eng d a0-590-76491-8 aTR(GS 414bS36 1997 aEaton, Deborah aShort vowels, grades K-1 /cby Deborah Eaton. aNew York :bScholastic Inc,c1997. a31 p. aScholastic: Fun with Phonics! aPhonics